000 00811nam a2200265Ia 4500
003 OSt
005 20220924123626.0
006 a|||||r|||| 00| 0
007 ta
008 220923b |||||||| |||| 00| 0 urd d
020 _a8182233828 (hbk)
020 _c200
024 _a319184
037 _b5534, 06/03/2009, Modern Publishing House
_cTextual
040 _aARTS
_cARTS
_burd
041 _2urd
_aurd
082 _aO168,5:g, P8
100 _aHussain Mohammad Khalid Au.
_9193322
245 0 _aDilkash tehreerein
260 _aNew Delhi
_b Educational publishing house India
_c2008
300 _a224p.
_ccm.
650 _aURDU SengCHES
942 _hO168,5:g, P8
_cTEXL
_2CC
999 _c416479
_d416479